[Event "36. Copenhagen Open (Politiken Cup)"]
[Site "Elsinore"]
[Date "2014.07.24"]
[Round "5"]
[White "Lofgren, Claes"]
[Black "Mott, Jens"]
[Result "1-0"]
[WhiteElo "2109"]
[BlackElo "1881"]
[PlyCount "83"]
[EventDate "2014.07.21"]
[EventType "swiss"]
[EventRounds "10"]
[EventCountry "DEN"]
[Source "ChessBase"]
[SourceDate "2014.08.29"]

1. d4 d5 2. c4 e6 3. Nf3 Nf6 4. g3 Ne4 5. Bg2 Bb4+ 6. Nbd2 c6 7. O-O Nxd2 8.
Bxd2 Be7 9. Qc2 f5 10. b4 O-O 11. a4 Nd7 12. b5 Nf6 13. Ne5 Bd7 14. bxc6 Bxc6
15. Rab1 Ne4 16. Bxe4 fxe4 17. Nxc6 bxc6 18. Rb7 Rf7 19. cxd5 Qxd5 20. Rfb1 Bd6
21. Rxf7 Kxf7 22. Rb7+ Be7 23. Bb4 c5 24. Rb5 Qxd4 25. Bxc5 Bxc5 26. Rxc5 Rd8
27. Rc7+ Kf6 28. e3 Qa1+ 29. Kg2 Rd1 30. Qxe4 Rg1+ 31. Kh3 Qf1+ 32. Kg4 h5+ 33.
Kxh5 Qh3+ 34. Qh4+ Qxh4+ 35. Kxh4 Rg2 36. f4 Rxh2+ 37. Kg4 Ra2 38. Rxa7 Ra3 39.
e4 Rb3 40. a5 Rb4 41. e5+ Kg6 42. Re7 1-0

[Event "36. Copenhagen Open (Politiken Cup)"]
[Site "Elsinore"]
[Date "2014.07.24"]
[Round "5"]
[White "Louis, Thibault"]
[Black "Lien, Kjell Hakon"]
[Result "1/2-1/2"]
[WhiteElo "2249"]
[BlackElo "2022"]
[PlyCount "120"]
[EventDate "2014.07.21"]
[EventType "swiss"]
[EventRounds "10"]
[EventCountry "DEN"]
[Source "ChessBase"]
[SourceDate "2014.08.29"]

1. e4 c5 2. Nc3 e6 3. Nge2 a6 4. g3 Nc6 5. Bg2 g6 6. d4 cxd4 7. Nxd4 Bg7 8. Be3
Nf6 9. Nxc6 dxc6 10. Qxd8+ Kxd8 11. Na4 Nd7 12. O-O-O Kc7 13. f4 b5 14. Nc5 Rd8
15. e5 Nxc5 16. Rxd8 Kxd8 17. Bxc5 Bb7 18. Bb6+ Ke8 19. Rd1 Bf8 20. c3 Rc8 21.
Kc2 Ba8 22. b4 Be7 23. a4 Rb8 24. Ba7 Rd8 25. Rxd8+ Kxd8 26. Kb3 Kc7 27. c4 Bb7
28. Bf1 bxc4+ 29. Bxc4 h5 30. Bc5 Bxc5 31. bxc5 a5 32. Kc3 Kd7 33. Kd4 Ke7 34.
Ke4 Bc8 35. Kf3 Bb7 36. g4 hxg4+ 37. Kxg4 Kf8 38. Kg5 Kg7 39. Be2 Bc8 40. Bf3
Bb7 41. h4 Ba8 42. h5 gxh5 43. Bxh5 Bb7 44. Bf3 Ba8 45. Be4 Bb7 46. f5 Ba8 47.
Bd3 Bb7 48. fxe6 fxe6 49. Bg6 Bc8 50. Be8 Bb7 51. Bh5 Bc8 52. Bg6 Bd7 53. Be4
Kf7 54. Kh6 Ke7 55. Kg7 Be8 56. Bg6 Bd7 57. Be4 Be8 58. Bg6 Bd7 59. Be4 Be8 60.
Bg6 Bd7 1/2-1/2

[Event "36. Copenhagen Open (Politiken Cup)"]
[Site "Elsinore"]
[Date "2014.07.24"]
[Round "5"]
[White "Lunde, Sigmund"]
[Black "Sajjadi, Kimiya"]
[Result "0-1"]
[WhiteElo "1879"]
[BlackElo "1531"]
[PlyCount "68"]
[EventDate "2014.07.21"]
[EventType "swiss"]
[EventRounds "10"]
[EventCountry "DEN"]
[Source "ChessBase"]
[SourceDate "2014.08.29"]

1. e4 e6 2. f4 d5 3. e5 Nh6 4. Nf3 Bc5 5. d4 Bb6 6. Be3 Nf5 7. Bf2 Qe7 8. c3 c5
9. g4 Nh6 10. h3 Nc6 11. Na3 cxd4 12. Nxd4 Nxd4 13. Bxd4 Qh4+ 14. Kd2 Bxd4 15.
Qa4+ Bd7 16. Qxd4 Nxg4 17. Rg1 Nh6 18. Bb5 Bxb5 19. Nxb5 O-O 20. Qe3 Nf5 21.
Qf3 a6 22. Na3 Rad8 23. Rg4 Qe7 24. Rag1 d4 25. c4 d3 26. R4g2 g6 27. Rh2 Qb4+
28. Kc1 d2+ 29. Kb1 Rd7 30. Rd1 Rfd8 31. Qe2 Rd3 32. Ka1 Ne3 33. Rhh1 Rxa3 34.
bxa3 Nc2# 0-1

[Event "36. Copenhagen Open (Politiken Cup)"]
[Site "Elsinore"]
[Date "2014.07.24"]
[Round "5"]
[White "Madison, Sigurd"]
[Black "Edwardsson, Hannu Kalervo"]
[Result "1-0"]
[WhiteElo "1792"]
[BlackElo "1455"]
[PlyCount "87"]
[EventDate "2014.07.21"]
[EventType "swiss"]
[EventRounds "10"]
[EventCountry "DEN"]
[Source "ChessBase"]
[SourceDate "2014.08.29"]

1. e4 e5 2. Nf3 d6 3. Nc3 Nf6 4. d3 Be7 5. Be2 O-O 6. O-O Nbd7 7. d4 b6 8. Re1
Bb7 9. Bf1 c6 10. a3 a5 11. b3 Ba6 12. Bxa6 Rxa6 13. Bb2 Ra8 14. Qe2 b5 15.
Rad1 b4 16. axb4 axb4 17. Na4 Qc8 18. dxe5 Nxe5 19. Nxe5 dxe5 20. Nb6 Qe6 21.
Nxa8 Rxa8 22. Ra1 Rd8 23. Red1 Rc8 24. Ra5 Bd6 25. Qd3 Bc7 26. Ra7 h6 27. Qf3
Bb6 28. Ra6 Bc7 29. h3 g6 30. Qe3 Kh7 31. Rda1 Rd8 32. Ra8 Rd7 33. Qc5 Bd6 34.
Qe3 Be7 35. f4 exf4 36. Qxf4 Bc5+ 37. Kh1 Be7 38. Rf1 Kg7 39. Re8 g5 40. Qb8
Kg6 41. Bxf6 Rd8 42. Rxd8 Bxf6 43. Rxf6+ Qxf6 44. Rd6 1-0

[Event "36. Copenhagen Open (Politiken Cup)"]
[Site "Elsinore"]
[Date "2014.07.24"]
[Round "5"]
[White "Markussen, Benno Orvad"]
[Black "Subramanian, Aditya"]
[Result "0-1"]
[WhiteElo "1732"]
[BlackElo "1938"]
[PlyCount "36"]
[EventDate "2014.07.21"]
[EventType "swiss"]
[EventRounds "10"]
[EventCountry "DEN"]
[Source "ChessBase"]
[SourceDate "2014.08.29"]

1. c4 Nf6 2. Nc3 e6 3. g3 d5 4. cxd5 exd5 5. d4 c6 6. Bg2 Bd6 7. Qc2 O-O 8. Nf3
Nbd7 9. O-O Re8 10. Bg5 h6 11. Bxf6 Nxf6 12. h3 Qe7 13. Nh4 Ne4 14. Nf3 Bf5 15.
Nxe4 dxe4 16. Nh2 Qd7 17. g4 Bg6 18. Qd1 Qc7 0-1

[Event "36. Copenhagen Open (Politiken Cup)"]
[Site "Elsinore"]
[Date "2014.07.24"]
[Round "5"]
[White "Matthiesen, Martin"]
[Black "Fricano, Paul Royal"]
[Result "0-1"]
[WhiteElo "2316"]
[BlackElo "2013"]
[PlyCount "122"]
[EventDate "2014.07.21"]
[EventType "swiss"]
[EventRounds "10"]
[EventCountry "DEN"]
[Source "ChessBase"]
[SourceDate "2014.08.29"]

1. d4 Nf6 2. c4 e5 3. dxe5 Ng4 4. Nf3 Bc5 5. e3 Nc6 6. Nc3 a5 7. Be2 O-O 8. O-O
Ncxe5 9. Nxe5 Nxe5 10. b3 Ra6 11. Na4 Ba7 12. Ba3 b5 13. Bxf8 bxa4 14. Ba3 Bb7
15. Bb2 Rd6 16. Bxe5 Rxd1 17. Raxd1 axb3 18. axb3 f6 19. Bd4 c5 20. Bc3 Qa8 21.
f3 Qe8 22. e4 Bb6 23. Rfe1 Bc7 24. Bf1 h5 25. g3 Bc6 26. Bh3 h4 27. Kg2 hxg3
28. hxg3 Qg6 29. g4 Qh6 30. Rd3 Qf4 31. Kf1 Qh2 32. Bg2 Qf4 33. Bd2 Qg3 34. Be3
Qe5 35. Red1 g6 36. Kf2 Qg3+ 37. Kf1 Qe5 38. Bd2 Kf7 39. Bc3 Qf4 40. Bd2 Qg3
41. Bc3 Ke6 42. Ra1 Qf4 43. Bd2 Qe5 44. Ra2 Qg3 45. Bxa5 Be5 46. Be1 Qf4 47.
Ke2 Qh2 48. Kd1 f5 49. exf5+ gxf5 50. Re2 f4 51. Bc3 d6 52. Kc1 Qh7 53. Rd1 Qb7
54. Kb2 Ba4 55. Kc1 Qxb3 56. Rxd6+ Kxd6 57. Bxe5+ Kc6 58. Rd2 Qxc4+ 59. Kb2
Qb4+ 60. Kc1 Qa3+ 61. Bb2 Qe3 0-1

[Event "36. Copenhagen Open (Politiken Cup)"]
[Site "Elsinore"]
[Date "2014.07.24"]
[Round "5"]
[White "Mehringer, Joerg"]
[Black "Hallerod, Ralph"]
[Result "0-1"]
[WhiteElo "1939"]
[BlackElo "2126"]
[PlyCount "118"]
[EventDate "2014.07.21"]
[EventType "swiss"]
[EventRounds "10"]
[EventCountry "DEN"]
[Source "ChessBase"]
[SourceDate "2014.08.29"]

1. e4 c6 2. d4 d5 3. e5 Bf5 4. h4 h5 5. Bg5 Qb6 6. Bd3 Bxd3 7. Qxd3 Qxb2 8. e6
f6 9. Be3 Na6 10. Ne2 O-O-O 11. O-O g5 12. Nd2 Nb4 13. Qf5 Qxc2 14. Qh3 Nh6 15.
hxg5 Ng4 16. Rfc1 Qg6 17. Nf4 Qxg5 18. Nd3 Nxe3 19. Nxb4 Nxg2 20. Nf3 Qg4 21.
Qxg2 Bh6 22. Rc2 Qxe6 23. Kf1 Bf4 24. Re1 Qd7 25. Nh4 Rdg8 26. Qf3 Bc7 27. Nf5
e6 28. Nh4 f5 29. Qe3 Rg4 30. Nf3 Re4 31. Qc3 Rxe1+ 32. Kxe1 h4 33. Ng1 Qg7 34.
Nh3 f4 35. Nxc6 bxc6 36. Qxc6 Kb8 37. Rb2+ Bb6 38. Qc3 Rc8 39. Qd2 f3 40. Qf4+
Qc7 41. Kd2 Qxf4+ 42. Nxf4 Rh8 43. Nh3 Kc8 44. Kd3 Kd7 45. Rb1 Rg8 46. Ng1 Rf8
47. Nh3 Rg8 48. Ng1 Rg4 49. Nxf3 Kd6 50. Rh1 Bd8 51. Ne5 Rf4 52. Rc1 Rxf2 53.
a4 Bb6 54. Rc6+ Ke7 55. Ng6+ Kf6 56. Nxh4 Rf4 57. Ng2 Rxd4+ 58. Kc3 Rxa4 59.
Kb3 Re4 0-1

[Event "36. Copenhagen Open (Politiken Cup)"]
[Site "Elsinore"]
[Date "2014.07.24"]
[Round "5"]
[White "Meier, Georg"]
[Black "Semcesen, Daniel"]
[Result "1-0"]
[WhiteElo "2632"]
[BlackElo "2471"]
[PlyCount "81"]
[EventDate "2014.07.21"]
[EventType "swiss"]
[EventRounds "10"]
[EventCountry "DEN"]
[Source "ChessBase"]
[SourceDate "2014.08.29"]

1. d4 f5 2. g3 Nf6 3. Bg2 g6 4. c4 Bg7 5. Nc3 O-O 6. Nf3 c6 7. O-O d6 8. Rb1
Ne4 9. Qc2 Nxc3 10. bxc3 e5 11. dxe5 dxe5 12. Ba3 Re8 13. Rfd1 Nd7 14. e4 fxe4
15. Nd2 e3 16. Ne4 Qa5 17. Bd6 Nb6 18. Rb4 Bf5 19. fxe3 Kh8 20. Qf2 Rad8 21. c5
Nd5 22. Rxb7 Qa6 23. Rxg7 Kxg7 24. Ng5 Qa4 25. Rf1 Qc2 26. e4 Qxf2+ 27. Kxf2 h6
28. exd5 hxg5 29. dxc6 e4 30. Ke3 g4 31. Rb1 Kf6 32. Bf1 Rh8 33. Rb2 Rde8 34.
Bc4 Kg5 35. Bf7 Rc8 36. c7 Rh7 37. Bd5 Re8 38. Bc6 Rc8 39. Bd5 Re8 40. a4 Rc8
41. a5 1-0

[Event "36. Copenhagen Open (Politiken Cup)"]
[Site "Elsinore"]
[Date "2014.07.24"]
[Round "5"]
[White "Merkesvik, Amalie Isabel"]
[Black "Christiansen, Niels Jorgen"]
[Result "1-0"]
[WhiteElo "1497"]
[BlackElo "1664"]
[PlyCount "149"]
[EventDate "2014.07.21"]
[EventType "swiss"]
[EventRounds "10"]
[EventCountry "DEN"]
[Source "ChessBase"]
[SourceDate "2014.08.29"]

1. e4 e5 2. Nf3 Nc6 3. Bc4 Nf6 4. Nc3 Bc5 5. d3 d6 6. h3 Ne7 7. Bg5 Ng6 8. Qd2
c6 9. O-O-O b5 10. Bb3 Qb6 11. d4 Bb4 12. Rhe1 O-O 13. Bxf6 gxf6 14. dxe5 dxe5
15. g4 Nf4 16. g5 Be6 17. Bxe6 fxe6 18. gxf6 Rad8 19. Rg1+ Kh8 20. Qe1 Rxd1+
21. Qxd1 Rd8 22. Qf1 Bd6 23. Ng5 Rf8 24. Ne2 Rxf6 25. Nxf4 exf4 26. Qe2 f3 27.
Nxf3 Bf4+ 28. Kb1 e5 29. Nh4 Qd8 30. Qg4 Qf8 31. Qh5 Qf7 32. Qxf7 Rxf7 33. Nf5
Rd7 34. a3 c5 35. Ka2 a6 36. Ng3 Rd2 37. Nh5 Bh6 38. Nf6 Rd8 39. Nd5 Rf8 40.
Ne7 Re8 41. Nf5 Bf4 42. Rg7 Re6 43. Rc7 h5 44. Rxc5 Kg8 45. Rc8+ Kf7 46. Rc7+
Kf8 47. Rc8+ Kf7 48. Rh8 Kg6 49. Rg8+ Kf7 50. Rg7+ Kf6 51. Rc7 Rb6 52. c4 bxc4
53. Rxc4 a5 54. Rc5 a4 55. Ne3 Bxe3 56. fxe3 Rb3 57. h4 Rxe3 58. Rc6+ Kg7 59.
Rc4 Rh3 60. Rxa4 Rxh4 61. Ra5 Rxe4 62. Rd5 h4 63. Rd3 Rf4 64. b4 e4 65. Re3 Kf6
66. b5 Ke5 67. b6 Rf7 68. Rb3 Rb7 69. a4 Kf4 70. a5 e3 71. a6 Rd7 72. b7 Rd8
73. a7 e2 74. b8=Q+ Rxb8 75. axb8=Q+ 1-0

[Event "36. Copenhagen Open (Politiken Cup)"]
[Site "Elsinore"]
[Date "2014.07.24"]
[Round "5"]
[White "Meurman, Arne"]
[Black "Frederiksen Kristian, Pade"]
[Result "1-0"]
[WhiteElo "2062"]
[BlackElo "1828"]
[PlyCount "75"]
[EventDate "2014.07.21"]
[EventType "swiss"]
[EventRounds "10"]
[EventCountry "DEN"]
[Source "ChessBase"]
[SourceDate "2014.08.29"]

1. e4 e5 2. Nf3 Nc6 3. Bb5 a6 4. Ba4 d6 5. O-O Bd7 6. c3 g6 7. d4 Bg7 8. Re1
Nge7 9. d5 Nb8 10. Bxd7+ Nxd7 11. c4 a5 12. Nc3 O-O 13. Be3 Nc5 14. Qc2 Kh8 15.
a3 a4 16. Bxc5 dxc5 17. Nxa4 b6 18. b4 cxb4 19. axb4 Qd7 20. Nb2 c6 21. Nd3 f6
22. Qb2 cxd5 23. cxd5 Nxd5 24. exd5 e4 25. Rxe4 f5 26. Re5 Bxe5 27. Qxe5+ Qg7
28. Qxg7+ Kxg7 29. Rd1 Rfd8 30. Nf4 Kf6 31. h4 h6 32. d6 Ra4 33. Nd5+ Ke6 34.
Nc7+ Kf6 35. Nd4 Rd7 36. Nc6 g5 37. b5 gxh4 38. Nd5+ 1-0

[Event "36. Copenhagen Open (Politiken Cup)"]
[Site "Elsinore"]
[Date "2014.07.24"]
[Round "5"]
[White "Moller, Arne"]
[Black "Suntharalingam, Jarani"]
[Result "1-0"]
[WhiteElo "1886"]
[BlackElo "1646"]
[PlyCount "83"]
[EventDate "2014.07.21"]
[EventType "swiss"]
[EventRounds "10"]
[EventCountry "DEN"]
[Source "ChessBase"]
[SourceDate "2014.08.29"]

1. e4 c5 2. Nf3 e6 3. d4 cxd4 4. Nxd4 Nf6 5. Nc3 Nc6 6. a3 a6 7. Nb3 Be7 8. Be2
O-O 9. O-O b6 10. Be3 Bb7 11. f3 Rb8 12. Qe1 d5 13. exd5 Nxd5 14. Nxd5 exd5 15.
Qf2 b5 16. Rfd1 Bh4 17. g3 Bf6 18. c3 Re8 19. Bc5 Qd7 20. Nd4 Nxd4 21. Bxd4
Bxd4 22. Rxd4 Qe6 23. Bf1 Qe3 24. Rad1 Qxf2+ 25. Kxf2 h6 26. Bg2 Re6 27. f4
Rbe8 28. R1d2 Re1 29. Bxd5 Bxd5 30. Rxd5 Rh1 31. Kf3 Rf1+ 32. Kg2 Rfe1 33. Rd8
Rxd8 34. Rxd8+ Kh7 35. Rd2 f6 36. Kf3 Kg6 37. h4 h5 38. Rc2 Kf5 39. c4 bxc4 40.
Rxc4 Re6 41. Rc5+ Kg6 42. f5+ 1-0

[Event "36. Copenhagen Open (Politiken Cup)"]
[Site "Elsinore"]
[Date "2014.07.24"]
[Round "5"]
[White "Morling, Aase"]
[Black "Svane, Minna"]
[Result "1/2-1/2"]
[WhiteElo "1531"]
[BlackElo "1278"]
[PlyCount "70"]
[EventDate "2014.07.21"]
[EventType "swiss"]
[EventRounds "10"]
[EventCountry "DEN"]
[Source "ChessBase"]
[SourceDate "2014.08.29"]

1. e4 e5 2. Nf3 Nf6 3. d4 exd4 4. e5 Ng8 5. Qxd4 Nc6 6. Qd1 Bc5 7. Bc4 Nge7 8.
O-O O-O 9. Bf4 Kh8 10. Nc3 Ng6 11. Bg3 d6 12. exd6 Bxd6 13. Bxd6 Qxd6 14. Qxd6
cxd6 15. Rfd1 Nce5 16. Nxe5 dxe5 17. g3 Bf5 18. Bd3 Bg4 19. Be2 Bf5 20. Bd3 Be6
21. Re1 Rae8 22. Nb5 a6 23. Nc7 Re7 24. Nxe6 Rxe6 25. Bxg6 hxg6 26. Rad1 f5 27.
Rd7 b5 28. Red1 f4 29. R7d6 Ref6 30. Rxf6 Rxf6 31. Re1 Rf5 32. f3 fxg3 33. hxg3
Rxf3 34. Kg2 Rf6 35. Rxe5 Rd6 1/2-1/2

[Event "36. Copenhagen Open (Politiken Cup)"]
[Site "Elsinore"]
[Date "2014.07.24"]
[Round "5"]
[White "Mottonen, Ari"]
[Black "Paulsson, Anders"]
[Result "1-0"]
[WhiteElo "2000"]
[BlackElo "1788"]
[PlyCount "87"]
[EventDate "2014.07.21"]
[EventType "swiss"]
[EventRounds "10"]
[EventCountry "DEN"]
[Source "ChessBase"]
[SourceDate "2014.08.29"]

1. c4 c6 2. Nf3 d5 3. g3 Nf6 4. Bg2 Bf5 5. O-O e6 6. b3 Bd6 7. Bb2 Nbd7 8. d3
Qc7 9. Nc3 Bg6 10. Rc1 O-O 11. cxd5 exd5 12. Nb5 Qb8 13. Nxd6 Qxd6 14. Qd2 Rfe8
15. b4 Rad8 16. e3 h6 17. Qc3 a6 18. Rfd1 Qe7 19. Rd2 Rc8 20. a4 Nb6 21. Qb3
Nbd7 22. Rdc2 Ng4 23. Bd4 Nde5 24. Nxe5 Nxe5 25. Rc3 Qd7 26. b5 axb5 27. axb5
Bh5 28. bxc6 bxc6 29. Bxe5 Rxe5 30. Qb6 Bg6 31. Rxc6 Ra8 32. d4 Re4 33. Rd6 Qf5
34. Qc6 Ra2 35. Qc8+ Kh7 36. Qxf5 Bxf5 37. Rxd5 Bg6 38. Bxe4 Bxe4 39. Re5 Bg6
40. g4 f6 41. Re7 h5 42. h3 hxg4 43. hxg4 f5 44. g5 1-0

[Event "36. Copenhagen Open (Politiken Cup)"]
[Site "Elsinore"]
[Date "2014.07.24"]
[Round "5"]
[White "Muschik, Benedikt"]
[Black "Skjoldager, Mikael"]
[Result "1-0"]
[WhiteElo "2353"]
[BlackElo "2078"]
[PlyCount "87"]
[EventDate "2014.07.21"]
[EventType "swiss"]
[EventRounds "10"]
[EventCountry "DEN"]
[Source "ChessBase"]
[SourceDate "2014.08.29"]

1. d4 Nf6 2. Bf4 e6 3. e3 c5 4. c3 d5 5. Nf3 Nc6 6. Nbd2 Bd6 7. Bg3 O-O 8. Bd3
b6 9. Ne5 Bb7 10. f4 Ne7 11. Qf3 Nf5 12. Bf2 Be7 13. a4 Qc7 14. a5 bxa5 15. O-O
Nd6 16. Bh4 Nfe4 17. Bxe7 Qxe7 18. Qh3 f5 19. Bxe4 Nxe4 20. Nxe4 dxe4 21. Rxa5
cxd4 22. exd4 Rf6 23. Qh4 Qd6 24. Re1 a6 25. Re3 Rc8 26. Rg3 Qd8 27. Ra1 Rf8
28. Qxd8 Rfxd8 29. Kf2 Rd6 30. Ke1 Rc7 31. Kd2 Rb6 32. b4 Bd5 33. Ra5 Kf8 34.
Rc5 Rxc5 35. Nd7+ Kf7 36. dxc5 Rb5 37. Ne5+ Kg8 38. c4 Rxb4 39. cxd5 exd5 40.
c6 Rb8 41. Kc3 Rb1 42. Kd4 Rd1+ 43. Kc5 d4 44. c7 1-0

[Event "36. Copenhagen Open (Politiken Cup)"]
[Site "Elsinore"]
[Date "2014.07.24"]
[Round "5"]
[White "Neffe, Axel"]
[Black "Boukhris, Yacine"]
[Result "1-0"]
[WhiteElo "2252"]
[BlackElo "2073"]
[PlyCount "79"]
[EventDate "2014.07.21"]
[EventType "swiss"]
[EventRounds "10"]
[EventCountry "DEN"]
[Source "ChessBase"]
[SourceDate "2014.08.29"]

1. e4 e6 2. d4 d5 3. Nd2 Be7 4. Bd3 c5 5. dxc5 Nf6 6. Qe2 O-O 7. Ngf3 a5 8. e5
Nfd7 9. h4 f5 10. exf6 Nxf6 11. Ng5 Bxc5 12. Ndf3 e5 13. Nxe5 Nc6 14. Nxc6 bxc6
15. Be3 Bg4 16. Bxh7+ Kh8 17. Qd3 d4 18. Bd2 Re8+ 19. Be4 Qd5 20. f3 Bf5 21.
O-O Nxe4 22. fxe4 Bxe4 23. Nxe4 Rxe4 24. Rf4 Rae8 25. Raf1 Re2 26. R1f2 Rxf2
27. Rxf2 Qh5 28. Bg5 Re1+ 29. Kh2 Re3 30. Bxe3 Qxh4+ 31. Kg1 dxe3 32. Re2 Qb4
33. c3 Qa4 34. b3 Qa3 35. b4 axb4 36. Qd8+ Kh7 37. Qh4+ Kg8 38. Qc4+ Kh7 39.
Qxc5 Qc1+ 40. Kh2 1-0

[Event "36. Copenhagen Open (Politiken Cup)"]
[Site "Elsinore"]
[Date "2014.07.24"]
[Round "5"]
[White "Neu, Alexandre"]
[Black "Boe Olsen, Filip"]
[Result "0-1"]
[WhiteElo "1760"]
[BlackElo "1937"]
[PlyCount "52"]
[EventDate "2014.07.21"]
[EventType "swiss"]
[EventRounds "10"]
[EventCountry "DEN"]
[Source "ChessBase"]
[SourceDate "2014.08.29"]

1. e4 c6 2. d4 d5 3. e5 Bf5 4. Nf3 e6 5. Be2 Nd7 6. O-O Ne7 7. c3 c5 8. a3 Nc6
9. b4 cxd4 10. cxd4 Be7 11. Bb2 O-O 12. Nc3 Rc8 13. Rc1 f6 14. Nh4 fxe5 15.
Nxf5 Rxf5 16. Bg4 Rf6 17. dxe5 Ndxe5 18. Nxd5 Nxg4 19. Nxe7+ Qxe7 20. Bxf6 Nxf6
21. b5 Rd8 22. Qb3 Nd4 23. Qb2 Ne4 24. Rcd1 Qf6 25. Qb4 Ne2+ 26. Kh1 Nxf2+ 0-1

[Event "36. Copenhagen Open (Politiken Cup)"]
[Site "Elsinore"]
[Date "2014.07.24"]
[Round "5"]
[White "Nielsen, Jan Mose"]
[Black "Holmstrom, Johan Ravnborg"]
[Result "1-0"]
[WhiteElo "2078"]
[BlackElo "1834"]
[PlyCount "73"]
[EventDate "2014.07.21"]
[EventType "swiss"]
[EventRounds "10"]
[EventCountry "DEN"]
[Source "ChessBase"]
[SourceDate "2014.08.29"]

1. e4 e6 2. d4 d5 3. Nd2 Be7 4. Ngf3 c5 5. c3 Nf6 6. Bd3 Nc6 7. O-O a6 8. a3 c4
9. Bc2 b5 10. Qe2 Qc7 11. Re1 h6 12. Nf1 Bb7 13. h3 g5 14. Ng3 O-O-O 15. e5 Nd7
16. Bd2 Rdg8 17. a4 h5 18. axb5 axb5 19. Nh2 g4 20. hxg4 hxg4 21. Nxg4 Bh4 22.
Nh6 Rf8 23. Qg4 Qd8 24. Nh5 Kb8 25. g3 Be7 26. Bf4 Kc7 27. b3 Kb6 28. bxc4 dxc4
29. Qg7 f5 30. Be3 Qe8 31. Nf4 Rxh6 32. Qxh6 Nd8 33. d5+ Nc5 34. Nxe6 Rh8 35.
Nxc5+ Rxh6 36. Ne6+ Bc5 37. Bxc5# 1-0

[Event "36. Copenhagen Open (Politiken Cup)"]
[Site "Elsinore"]
[Date "2014.07.24"]
[Round "5"]
[White "Nielsen, Jens Holm"]
[Black "Lauritsen, Martin Lee"]
[Result "0-1"]
[WhiteElo "1802"]
[BlackElo "2143"]
[PlyCount "74"]
[EventDate "2014.07.21"]
[EventType "swiss"]
[EventRounds "10"]
[EventCountry "DEN"]
[Source "ChessBase"]
[SourceDate "2014.08.29"]

1. Nc3 d5 2. e4 d4 3. Nce2 e5 4. Ng3 Be6 5. Be2 Nf6 6. Nf3 Bd6 7. c3 c5 8. cxd4
cxd4 9. d3 h6 10. O-O Nc6 11. Nh4 Ne7 12. Nh5 Nxh5 13. Bxh5 Qd7 14. Be2 O-O-O
15. Bd2 Kb8 16. b4 g5 17. Nf3 Ng6 18. a4 g4 19. Ne1 h5 20. Bg5 Rdg8 21. Bf6 Rh7
22. Qd2 h4 23. Nc2 Nf4 24. g3 Nxe2+ 25. Qxe2 Rg6 26. Bxh4 Rgh6 27. Kg2 Be7 28.
Rh1 Bxh4 29. gxh4 Rxh4 30. Qd2 Qe7 31. Rag1 f5 32. Kf1 Qf6 33. Ke1 fxe4 34.
dxe4 Rxh2 35. Rxh2 Rxh2 36. Na3 Qf3 37. Nc2 g3 0-1

[Event "36. Copenhagen Open (Politiken Cup)"]
[Site "Elsinore"]
[Date "2014.07.24"]
[Round "5"]
[White "Nielsen, Jorgen Lovgren"]
[Black "Henningsen, Lasse"]
[Result "1/2-1/2"]
[WhiteElo "2135"]
[BlackElo "1830"]
[PlyCount "53"]
[EventDate "2014.07.21"]
[EventType "swiss"]
[EventRounds "10"]
[EventCountry "DEN"]
[Source "ChessBase"]
[SourceDate "2014.08.29"]

1. e4 e5 2. Nf3 Nc6 3. Bb5 a6 4. Ba4 Nf6 5. O-O Be7 6. Re1 b5 7. Bb3 Bb7 8. c3
d5 9. exd5 Nxd5 10. Nxe5 Nxe5 11. Rxe5 Nf4 12. Bxf7+ Kxf7 13. Rf5+ Bf6 14. Rxf4
Qd3 15. Qh5+ Kf8 16. b3 Kg8 17. Ba3 g6 18. Qd1 Kg7 19. Qf1 Qc2 20. Bc5 Rhe8 21.
Na3 Qxd2 22. Be3 Qb2 23. Qc1 Qxc1+ 24. Rxc1 Bg5 25. Rg4 Bxe3 26. fxe3 Rxe3 27.
Kf2 1/2-1/2

[Event "36. Copenhagen Open (Politiken Cup)"]
[Site "Elsinore"]
[Date "2014.07.24"]
[Round "5"]
[White "Nielsen, Lars Aaes"]
[Black "Rogers, Timothy"]
[Result "1-0"]
[WhiteElo "2257"]
[BlackElo "2011"]
[PlyCount "71"]
[EventDate "2014.07.21"]
[EventType "swiss"]
[EventRounds "10"]
[EventCountry "DEN"]
[Source "ChessBase"]
[SourceDate "2014.08.29"]

1. e4 c6 2. c4 d5 3. cxd5 cxd5 4. exd5 Qxd5 5. Nc3 Qd8 6. d4 Nf6 7. Nf3 e6 8.
Bc4 Nc6 9. O-O Be7 10. Be3 O-O 11. a3 a6 12. Rc1 b5 13. Ba2 Bb7 14. Qe2 b4 15.
Na4 bxa3 16. Nc5 Bxc5 17. dxc5 Nb4 18. bxa3 Nxa2 19. Qxa2 Bxf3 20. gxf3 Nd5 21.
Qc4 Qa5 22. a4 Rab8 23. Rb1 Nxe3 24. fxe3 Qd2 25. Qd4 Qc2 26. Rbc1 Qg6+ 27. Kh1
Rbd8 28. Qf4 Rd2 29. Rg1 Qd3 30. c6 g6 31. c7 Rc2 32. Rxc2 Qxc2 33. Qd6 Qf2 34.
Qxf8+ Kxf8 35. c8=Q+ Kg7 36. Qc3+ 1-0

[Event "36. Copenhagen Open (Politiken Cup)"]
[Site "Elsinore"]
[Date "2014.07.24"]
[Round "5"]
[White "Nielsen, Morten"]
[Black "Molvig, Henrik"]
[Result "0-1"]
[WhiteElo "1970"]
[BlackElo "2162"]
[PlyCount "53"]
[EventDate "2014.07.21"]
[EventType "swiss"]
[EventRounds "10"]
[EventCountry "DEN"]
[Source "ChessBase"]
[SourceDate "2014.08.29"]

1. e4 c5 2. c3 d5 3. exd5 Qxd5 4. d4 Nc6 5. dxc5 Qxd1+ 6. Kxd1 e5 7. b4 a5 8.
Bb5 Bd7 9. Bxc6 Bxc6 10. Nf3 f6 11. Be3 Ne7 12. Re1 Nd5 13. Bd2 Be7 14. a3 axb4
15. cxb4 O-O 16. Kc1 b6 17. cxb6 Nxb4 18. Bxb4 Bxb4 19. Re3 Rfb8 20. Nbd2 Rxb6
21. Nc4 Rba6 22. Rb3 Bc5 23. Ra2 Bd5 24. Rc2 Rc6 25. Nfd2 Bxf2 26. Rb5 Bxg2 27.
Rb3 0-1

[Event "36. Copenhagen Open (Politiken Cup)"]
[Site "Elsinore"]
[Date "2014.07.24"]
[Round "5"]
[White "Nielsen, Palle"]
[Black "Molin, Claus"]
[Result "0-1"]
[WhiteElo "1771"]
[BlackElo "2002"]
[PlyCount "74"]
[EventDate "2014.07.21"]
[EventType "swiss"]
[EventRounds "10"]
[EventCountry "DEN"]
[Source "ChessBase"]
[SourceDate "2014.08.29"]

1. e4 c5 2. Nf3 e6 3. Nc3 Nc6 4. d4 cxd4 5. Nxd4 a6 6. Nxc6 bxc6 7. Be3 d5 8.
a3 Nf6 9. f3 e5 10. Bg5 d4 11. Ne2 c5 12. Ng3 Be6 13. b3 h6 14. Bc1 Rc8 15. Bd3
Bd6 16. O-O g6 17. Bxa6 Rc7 18. Qe2 c4 19. b4 Qb8 20. Kh1 Nd7 21. Bd2 Qb6 22.
b5 c3 23. Bc1 Bc4 24. Qe1 Bxf1 25. Qxf1 Nc5 26. a4 Nxa6 27. a5 Qb7 28. bxa6 Qc6
29. Rb1 O-O 30. Rb6 Qd7 31. Bxh6 Rd8 32. Bg5 Be7 33. f4 d3 34. Bxe7 Qxe7 35.
cxd3 c2 36. Ne2 Rxd3 37. Rb8+ Kg7 0-1

[Event "36. Copenhagen Open (Politiken Cup)"]
[Site "Elsinore"]
[Date "2014.07.24"]
[Round "5"]
[White "Nilssen, John Arni"]
[Black "Nielsen, Klaus"]
[Result "1-0"]
[WhiteElo "2322"]
[BlackElo "2067"]
[PlyCount "83"]
[EventDate "2014.07.21"]
[EventType "swiss"]
[EventRounds "10"]
[EventCountry "DEN"]
[Source "ChessBase"]
[SourceDate "2014.08.29"]

1. d4 d5 2. Nf3 e6 3. c4 Nf6 4. g3 Be7 5. Bg2 O-O 6. O-O Ne4 7. b3 Nc6 8. Bb2
f5 9. Nbd2 Bd7 10. Ne1 Be8 11. cxd5 exd5 12. Nd3 Bd6 13. Nf3 f4 14. gxf4 Bxf4
15. e3 Bd6 16. Nfe5 Qh4 17. f3 Ng5 18. Qe1 Qh6 19. h4 Ne6 20. f4 Ne7 21. Qg3
Nf5 22. Qh3 c6 23. b4 a6 24. a4 Qxh4 25. Bc1 Qxh3 26. Bxh3 Rf6 27. Kg2 g6 28.
Bd2 Neg7 29. Kf2 Rf8 30. Rg1 Nh5 31. Bg4 Nhg7 32. Ke2 Be7 33. Nc5 Bxc5 34. bxc5
Rc8 35. Rab1 Rc7 36. Ba5 Re7 37. Bd8 Rff7 38. Bxe7 Rxe7 39. Rb6 Kf8 40. Rgb1 h5
41. Bxf5 Nxf5 42. Rxb7 1-0